00911nam a22002297a 450000500170000001000150001702000260003203500130005803700130007108200130008410000220009724501580011926000420027727000370031930000230035649000440037950000690042370000190049294200270051199900170053895201260055520130521115536.0 aENG-107201 a9788187358701c795.00 aEN-90734 bDBAD/PUB a954.0072 aLardinois, Roland00ascholars and prophets :bsociology of India from France in the 19th - 20th centuries /cby Roland Lardinois ; translated from the French by Renuka George aNew DelhibSocial Science Pressc2013 a 69, Jor BaghbNew Delhie110003 ax, 564p.c23cm(Hb) aFrench writings on India and South Asia a Includes bibliographical references (p. [488]-534) and indexes. aGeorge, Renuka 2ddccENmLARh954.0072 c75803d75803 001040718NFICaDBADbDBADd2013-05-20eDBAD/PUBg795.00l0o954.0072 LARpEN-90734r2013-05-20 00:00:00t1v795.00yEN